Sports Quiz

Random Sports or Football Quiz

Top 3 in England (Football) Quiz Stats

 Plays Quiz Updated Apr 9, 2015

Support Sporcle.
Go Orange.
Score 0/38 Timer 07:00
6 Plays Today
% Correct
Arsenal
98.6%
Chelsea
97.1%
Manchester United
97.1%
Manchester City
96.6%
Liverpool
96.5%
Aston Villa
96%
Newcastle United
95.5%
Everton
94.9%
Tottenham Hotspur
94.5%
Leeds United
94.3%
Blackburn Rovers
93.9%
Leicester City
92.2%
Nottingham Forest
91.6%
West Ham United
90%
Sheffield United
84.9%
Sunderland
84.4%
Sheffield Wednesday
84.1%
Southampton
84.1%
Wolverhampton Wanderers
82.6%
% Correct
Bolton Wanderers
82.1%
Derby County
81.1%
Norwich City
80.6%
West Bromwich Albion
80.5%
Queens Park Rangers
80.1%
Ipswich
78.9%
Middlesbrough
76%
Crystal Palace
75.6%
Preston North End
73.7%
Portsmouth
72.3%
Burnley
69%
Blackpool
66.5%
Watford
63.7%
Huddersfield Town
63%
Charlton Athletic
61.6%
Notts County
56.9%
Bristol City
51.4%
Cardiff City
43.8%
Oldham Athletic
41.3%

From the Vault

Fruit Ninja Fruit

by dsitt7

Gaming 3m
Smashing fruit has never been so fun.
Remove Ads.
Support Sporcle.
Get the best of Sporcle when you Go Orange. This ad-free experience offers more features, more stats, and more fun while also helping to support Sporcle. Thank you for becoming a member.

Show Comments

Extras

Top Quizzes Today


Score Distribution

Your Account Isn't Verified!

In order to create a playlist on Sporcle, you need to verify the email address you used during registration. Go to your Sporcle Settings to finish the process.

Report this User

Report this user for behavior that violates our Community Guidelines.

Details: